| 000 | 00000nam##2200000za#4500 |
| 001 | 9.695539 |
| 003 | CaOODSP |
| 005 | 20210624234625 |
| 007 | cr ||||||||||| |
| 008 | 150407|1998||||xxc|||||o f|0| 0 eng|d |
| 040 | |aCaOODSP|beng |
| 043 | |an-cn--- |
| 086 | 1 |aR34-7/2-1998E-PDF |
| 110 | 1 |aCanada.|bIndian and Northern Affairs. |bNorthern Affairs Program. |
| 245 | 10|aJurisdictional responsibilities for land resources, land use and development in the Yukon Territory and northwest Territories. Yukon transboundary agreement lands / |h[electronic resource]|cPublished under the authority of the Minister of Indian Affairs and Northern Development. |
| 246 | 1 |iVariant title : |aYukon transboundary agreement lands |
| 260 | |aOttawa - Ontario : |bIndian and Northern Affairs. |c1998. |
| 300 | |a35p.|bmap |
| 500 | |a"Book two"--p.1 of 35. Book one (R34-7/1-1998E-PDF) ; Book three (R34-7/3-1998E-PDF) ; Book four (R34-7/4-1998E-PDF). The catalogue number (R34-7/2-1998E) and ISBN (0-662-26950-0) for the print edition have been incorrectly copied in this electronic publication. |
| 590 | |a12-09-Supp|b2012-03-21 |
| 690 | 07|aLand management|2gcpds |
| 690 | 07|aIndigenous lands|2gcpds |
| 775 | 08|tPartage des compétences en matière de ressources foncières et d'utilisation et d'aménagement des terres au Yukon et dans les Territoires du Nord-ouest. Terres visées par l'Accord-cadre transfrontalier du Yukon / |w(CaOODSP)9.639671 |
| 856 | 40|ahttp://publications.gc.ca|qPDF|s578 KB|uhttps://publications.gc.ca/collections/Collection/R34-7-2-1998E.pdf |
| 986 | |aQS-8574-001-EE-A1 |